A carregar...
Computer security and cryptography /
| Autor principal: | |
|---|---|
| Formato: | Printed Book |
| Publicado em: |
Hoboken, N.J. :
Wiley-Interscience,
c2007.
|
| Assuntos: | |
| Acesso em linha: | http://www.loc.gov/catdir/enhancements/fy0741/2006049338-b.html http://www.loc.gov/catdir/enhancements/fy0741/2006049338-d.html http://www.loc.gov/catdir/enhancements/fy0741/2006049338-t.html |
| LEADER | 00798cam a2200205 a 4500 | ||
|---|---|---|---|
| 020 | |a 0471947830 | ||
| 020 | |a 9780471947837 | ||
| 082 | 0 | 0 | |a 005.8 |b P7 |
| 100 | 1 | |a Konheim, Alan G., | |
| 245 | 1 | 0 | |a Computer security and cryptography / |
| 260 | |a Hoboken, N.J. : |b Wiley-Interscience, |c c2007. | ||
| 300 | |a xvii, 521 p. : |b ill. ; | ||
| 650 | 0 | |a Computer security. | |
| 650 | 0 | |a Cryptography. | |
| 856 | 4 | 2 | |u http://www.loc.gov/catdir/enhancements/fy0741/2006049338-b.html |
| 856 | 4 | 2 | |u http://www.loc.gov/catdir/enhancements/fy0741/2006049338-d.html |
| 856 | 4 | 1 | |u http://www.loc.gov/catdir/enhancements/fy0741/2006049338-t.html |
| 942 | |c BK | ||
| 999 | |c 85219 |d 85219 | ||
| 952 | |0 0 |1 0 |4 0 |6 005_800000000000000_P7 |7 0 |9 77564 |a SOCS |b SOCS |d 2008-02-20 |e DC Books |g 0.00 |l 0 |o 005.8 P7 |p SOCS3232 |r 2015-11-26 |w 2015-11-26 |y BK | ||